How should we then live? : (Record no. 405)

MARC details
000 -LEADER
fixed length control field 01251cam a2200313 a 4500
001 - CONTROL NUMBER
control field 14457098
003 - CONTROL NUMBER IDENTIFIER
control field GBCCL
005 - DATE AND TIME OF LATEST TRANSACTION
control field 20241126110337.0
008 - FIXED-LENGTH DATA ELEMENTS--GENERAL INFORMATION
fixed length control field 060718r20051976ilua b 001 0 eng
010 ## -
-- 2006279258
020 ## - INTERNATIONAL STANDARD BOOK NUMBER
International Standard Book Number 1581345364
040 ## - CATALOGING SOURCE
Original cataloging agency DLC
Transcribing agency DLC
Modifying agency DLC
050 00 -
-- BR115.C5
-- S33 2005
082 00 - DEWEY DECIMAL CLASSIFICATION NUMBER
Classification number 909.09821
Edition information 22
Item number SCH
100 1# - MAIN ENTRY--PERSONAL NAME
Personal name Schaeffer, Francis A.
Fuller form of name (Francis August)
9 (RLIN) 441
245 10 - TITLE STATEMENT
Title How should we then live? :
Remainder of title the rise and decline of western thought and culture /
Statement of responsibility, etc. Francis A. Schaeffer.
250 ## - EDITION STATEMENT
Edition statement L'Abri 50th anniversary ed.
260 ## - PUBLICATION, DISTRIBUTION, ETC.
Place of publication, distribution, etc. Wheaton, Ill. :
Name of publisher, distributor, etc. Crossway Books,
Date of publication, distribution, etc. 2005.
300 ## - PHYSICAL DESCRIPTION
Extent 288 p. :
Other physical details ill. ;
Dimensions 24 cm.
500 ## - GENERAL NOTE
General note Originally published: Old Tappan, N.J. : F.H. Ravell Co., c1976.
500 ## - GENERAL NOTE
General note Includes indexes.
650 #0 - SUBJECT ADDED ENTRY--TOPICAL TERM
Topical term or geographic name entry element Christian civilization.
9 (RLIN) 559
650 #0 - SUBJECT ADDED ENTRY--TOPICAL TERM
Topical term or geographic name entry element Civilization, Western.
9 (RLIN) 560
856 41 - ELECTRONIC LOCATION AND ACCESS
Materials specified Table of contents only
Uniform Resource Identifier <a href="http://www.loc.gov/catdir/toc/fy0713/2006279258.html">http://www.loc.gov/catdir/toc/fy0713/2006279258.html</a>
856 42 - ELECTRONIC LOCATION AND ACCESS
Materials specified Publisher description
Uniform Resource Identifier <a href="http://www.loc.gov/catdir/enhancements/fy0912/2006279258-d.html">http://www.loc.gov/catdir/enhancements/fy0912/2006279258-d.html</a>
906 ## - LOCAL DATA ELEMENT F, LDF (RLIN)
a 7
b cbc
c origcop
d 2
e ncip
f 20
g y-gencatlg
942 ## - ADDED ENTRY ELEMENTS (KOHA)
Source of classification or shelving scheme Dewey Decimal Classification
Koha item type Books
Koha issues (borrowed), all copies 1
Holdings
Withdrawn status Lost status Source of classification or shelving scheme Damaged status Not for loan Home library Current Library Shelving location Date acquired Total checkouts Full call number Barcode Date last seen Date last checked out Copy number Price effective from Koha item type
    Dewey Decimal Classification     GRACE BIBLE COLLEGE GRACE BIBLE COLLEGE General Studies 2016-10-25 1 909.09821 SCH 006866 2025-05-01 2018-05-10 c.1 2016-10-25 Books
© Grace Bible College Library 2025